000 01201cam a2200253 4500
001 ABS64819
008 011203n2001 000 0 eng u
035 _a(Sirsi) u115825
100 _aDriscoll, J.
245 _aWhat is a dwelling?
260 _c2001
490 _aNew Law Journal
_v 9 November 2001, 151(7007) 1634-1635(2)
520 _aAnalyses the ruling in "Uratemp Ventures v Collins" (1999) which resulted in many occupiers of rooms without cooking facilities in the room or a kitchen not having any long-term rights as assured or protected tenants, which has just been reversed by the House of Lords. The House of Lords held that the expression 'dwelling' in the Housing Act 1988 s1(1) means a place where the occupier lives and treats as their home and there is no requirement that cooking facilities have to be available.
590 _aABS
650 _aURATEMP VENTURES V COLLINS
650 _aOCCUPIERS
650 _aCOOKING FACILITIES
650 _aHOUSING ACT 1988
650 _aASSURED TENANCIES
650 _aPROTECTED TENANCIES
650 _aDWELLINGS
690 _aPROPERTY-RESIDENTIAL PROPERTY-RESIDENTIAL LANDLORD AND TENANT-RESIDENTIAL TENANCIES
942 _n0
999 _c68995
_d68995